[Event "Alta Autumn B"]
[Site "Alta"]
[Date "2017.09.13"]
[Round "2"]
[White "Rist, Karl Johan"]
[Black "Pedersen, Birger"]
[Result "1/2-1/2"]
[WhiteElo "1545"]
[BlackElo "1493"]
[PlyCount "57"]
[EventDate "2017.09.06"]
[EventType "swiss"]
[EventRounds "10"]
[EventCountry "NOR"]
[SourceTitle "EXT 2024"]
[Source "ChessBase"]
[SourceDate "2023.10.10"]
[SourceVersion "1"]
[SourceVersionDate "2023.10.10"]
[SourceQuality "1"]

1. d4 Nf6 2. c4 g6 3. Nc3 Bg7 4. Nf3 0-0 5. g3 d5 6. cxd5 Nxd5 7. Bg2 Nc6 8. 0-0 Bf5 9. Re1 Ndb4 10. e4 Bg4 11. a3 Na6 12. e5 Bxf3 13. Bxf3 Qxd4 14. Bxc6 Qxd1 15. Nxd1 bxc6 16. f4 f6 17. e6 f5 18. Be3 c5 19. Rc1 Bd4 20. Nc3 Rfb8 21. Rc2 Rb6 22. Bxd4 cxd4 23. Nd5 Rd6 24. Nxe7+ Kg7 25. Nc6 Re8 26. Nxa7 Rdxe6 27. Rxe6 Rxe6 28. Kf2 c5 29. Nb5 1/2-1/2

[Event "Fagernes TV2 Elo op"]
[Site "Fagernes"]
[Date "2017.04.12"]
[Round "5"]
[White "Merkesvik, Amalie Isabel"]
[Black "Rist, Karl Johan"]
[Result "1-0"]
[WhiteElo "1714"]
[BlackElo "1563"]
[PlyCount "51"]
[EventDate "2017.04.09"]
[EventType "swiss"]
[EventRounds "9"]
[EventCountry "NOR"]
[SourceTitle "CBM 177 Extra"]
[Source "ChessBase"]
[SourceDate "2017.04.27"]
[SourceVersion "1"]
[SourceVersionDate "2017.04.27"]
[SourceQuality "1"]

1. e4 e6 2. d4 d5 3. exd5 exd5 4. Bd3 Nf6 5. Bf4 Bd6 6. Ne2 Bxf4 7. Nxf4 c6 8. 0-0 Qd6 9. Re1+ Be6 10. Nxe6 fxe6 11. Bf5 Ne4 12. Bxe4 dxe4 13. Rxe4 Nd7 14. Qe1 0-0-0 15. c3 Rde8 16. Nd2 Nf6 17. Re2 Ng4 18. Nf3 h5 19. h3 Nf6 20. Ng5 Qd5 21. Re5 Qd7 22. Qe2 Nd5 23. Re1 Nc7 24. Nxe6 Nd5 25. Nf4 Nxf4 26. Rxe8+ 1-0

[Event "Fagernes TV2 Elo op"]
[Site "Fagernes"]
[Date "2017.04.09"]
[Round "1"]
[White "Ranby, Hans"]
[Black "Rist, Karl Johan"]
[Result "1-0"]
[WhiteElo "1891"]
[BlackElo "1563"]
[PlyCount "83"]
[EventDate "2017.04.09"]
[EventType "swiss"]
[EventRounds "9"]
[EventCountry "NOR"]
[SourceTitle "CBM 177 Extra"]
[Source "ChessBase"]
[SourceDate "2017.04.27"]
[SourceVersion "1"]
[SourceVersionDate "2017.04.27"]
[SourceQuality "1"]

1. Nf3 f5 2. e3 Nf6 3. c4 g6 4. b3 Bg7 5. Bb2 c6 6. Nc3 d6 7. d4 Nbd7 8. Ng5 Nb6 9. d5 Ne4 10. Ngxe4 fxe4 11. Qd2 Bf5 12. Nxe4 Bxb2 13. Qxb2 0-0 14. Nc3 a5 15. e4 Bd7 16. Bd3 e5 17. dxe6 Bxe6 18. 0-0 Qf6 19. Qc2 Nd7 20. f4 Qd4+ 21. Kh1 Nc5 22. Rad1 Rad8 23. h3 Qe3 24. Rf3 Qd4 25. e5 Nxd3 26. Rdxd3 Qb6 27. Rxd6 Rxd6 28. exd6 Qd4 29. Qd3 Qxd3 30. Rxd3 Bd7 31. Ne2 h5 32. Kh2 Kg7 33. Kg3 Kh6 34. Ng1 h4+ 35. Kxh4 Rxf4+ 36. Kg3 Rf8 37. Nf3 Rf5 38. Re3 Rf7 39. Ne5 Rg7 40. Nxd7 Rxd7 41. c5 Kg5 42. Re7 1-0

[Event "Reykjavik op"]
[Site "Reykjavik"]
[Date "2015.03.18"]
[Round "10"]
[White "Rist, Karl Johan"]
[Black "Sigurjonsson, Gudmundur1111"]
[Result "0-1"]
[WhiteElo "1677"]
[BlackElo "2463"]
[PlyCount "76"]
[EventDate "2015.03.10"]
[EventType "swiss"]
[EventRounds "10"]
[EventCountry "ISL"]
[SourceTitle "CBM 165 Extra"]
[Source "ChessBase"]
[SourceDate "2015.04.21"]
[SourceVersion "1"]
[SourceVersionDate "2015.04.21"]
[SourceQuality "1"]
[BlackTeam "Reykjanesbaejar"]
[BlackTeamCountry "ISL"]

1. d4 f5 2. c4 Nf6 3. Nc3 d6 4. g3 c6 5. Bg2 Qc7 6. Nf3 e5 7. dxe5 dxe5 8. 0-0 Bd6 9. Qc2 e4 10. Ne1 0-0 11. f3 Bc5+ 12. e3 exf3 13. Nxf3 f4 14. gxf4 Qxf4 15. Nd4 Qg5 16. Kh1 Ng4 17. Rxf8+ Kxf8 18. Qe2 Qe5 19. Nf3 Qe7 20. Bh3 Na6 21. Bxg4 Bxg4 22. Bd2 Kg8 23. Rf1 Bh3 24. Re1 Nb4 25. Bc1 Rd8 26. Rg1 Nd3 27. Bd2 Nxb2 28. Ng5 Bf5 29. Bc1 Nd3 30. Bd2 h6 31. Nf3 Re8 32. Nd1 Be4 33. Bc3 Ne5 34. Bxe5 Qxe5 35. Rg3 Rf8 36. Kg1 Qh5 37. Qb2 Rf7 38. Qe5 Bxf3 0-1

[Event "Reykjavik op"]
[Site "Reykjavik"]
[Date "2015.03.16"]
[Round "8"]
[White "Rist, Karl Johan"]
[Black "Kristbergsson, Bjorgvin"]
[Result "1-0"]
[WhiteElo "1677"]
[BlackElo "1159"]
[PlyCount "44"]
[EventDate "2015.03.10"]
[EventType "swiss"]
[EventRounds "10"]
[EventCountry "ISL"]
[SourceTitle "CBM 165 Extra"]
[Source "ChessBase"]
[SourceDate "2015.04.21"]
[SourceVersion "1"]
[SourceVersionDate "2015.04.21"]
[SourceQuality "1"]

1. d4 Nf6 2. c4 c6 3. Nf3 h6 4. Nc3 g6 5. e4 d6 6. Be2 Bd7 7. Qc2 Qc8 8. 0-0 Na6 9. a3 Rg8 10. Re1 g5 11. e5 Nh5 12. exd6 Bh3 13. d7+ Bxd7 14. Ne5 Nf4 15. Bxf4 gxf4 16. Bh5 Be6 17. Qe2 Qc7 18. Rad1 Bh3 19. Bxf7+ Kd8 20. Bxg8 f3 21. Qxf3 Bg7 22. Qxh3 Bxe5 1-0

[Event "Reykjavik op"]
[Site "Reykjavik"]
[Date "2015.03.14"]
[Round "6"]
[White "Rist, Karl Johan"]
[Black "Lemery, Jon Thor"]
[Result "1/2-1/2"]
[WhiteElo "1677"]
[BlackElo "1273"]
[PlyCount "83"]
[EventDate "2015.03.10"]
[EventType "swiss"]
[EventRounds "10"]
[EventCountry "ISL"]
[SourceTitle "CBM 165 Extra"]
[Source "ChessBase"]
[SourceDate "2015.04.21"]
[SourceVersion "1"]
[SourceVersionDate "2015.04.21"]
[SourceQuality "1"]

1. d4 Nf6 2. c4 g6 3. Nf3 d6 4. Nc3 c6 5. e4 Bg7 6. Bd3 Qb6 7. 0-0 Bg4 8. Be2 Qc7 9. Re1 Bd7 10. h3 0-0 11. Bf4 Nh5 12. Bh2 e5 13. dxe5 dxe5 14. c5 Nf4 15. Bf1 Rd8 16. Qc2 Be6 17. Red1 Nd7 18. Ng5 Nxc5 19. g3 Nh5 20. b4 h6 21. Nxe6 Nxe6 22. Ne2 Qb6 23. a3 a6 24. Kh1 Qxf2 25. Bg2 Qe3 26. Re1 Nd4 27. Nxd4 Qxd4 28. Rad1 Qb6 29. Bg1 Qc7 30. Kh2 Qe7 31. Bc5 Qg5 32. Qb3 Rxd1 33. Rxd1 Rd8 34. Rf1 Rd7 35. h4 Qd2 36. Rf2 Qd1 37. Qa2 Qg4 38. Rf3 Nf6 39. Rxf6 Bxf6 40. Bh3 Qd1 41. Bxd7 Qxd7 42. Qf2 1/2-1/2

[Event "Reykjavik op"]
[Site "Reykjavik"]
[Date "2015.03.12"]
[Round "4"]
[White "Rist, Karl Johan"]
[Black "Baldvinsson, Loftur"]
[Result "0-1"]
[WhiteElo "1677"]
[BlackElo "1945"]
[PlyCount "118"]
[EventDate "2015.03.10"]
[EventType "swiss"]
[EventRounds "10"]
[EventCountry "ISL"]
[SourceTitle "CBM 165 Extra"]
[Source "ChessBase"]
[SourceDate "2015.04.21"]
[SourceVersion "1"]
[SourceVersionDate "2015.04.21"]
[SourceQuality "1"]

1. d4 Nf6 2. c4 g6 3. Nf3 Bg7 4. Nc3 0-0 5. g3 d6 6. Bg2 c6 7. 0-0 Nbd7 8. e4 b5 9. e5 dxe5 10. dxe5 Ng4 11. cxb5 Bb7 12. Bf4 cxb5 13. Nxb5 a6 14. Nc3 Ndxe5 15. Nxe5 Bxg2 16. Re1 Qxd1 17. Raxd1 Bh3 18. Nd5 e6 19. Ne7+ Kh8 20. N7c6 Nxe5 21. Bxe5 f6 22. Bc3 e5 23. f3 Be6 24. a3 Rac8 25. Rd6 Rfe8 26. Red1 Bf8 27. Rd8 Bc5+ 28. Kg2 Rexd8 29. Nxd8 Bb3 30. Rd7 Bxa3 31. Rd2 Be7 32. Nb7 Rc7 33. Na5 Be6 34. Rd3 Bf5 35. Re3 Kg8 36. g4 Be6 37. h4 Bc5 38. Rd3 Rd7 39. Rxd7 Bxd7 40. Nb3 Be7 41. Nd2 Kf7 42. Kg3 Ke6 43. Ne4 Bc6 44. Nf2 Bd6 45. Ne4 Bxe4 46. fxe4 Bc5 47. b4 Be3 48. Kf3 Bc1 49. Kg3 Kd6 50. Kf3 Bf4 51. Be1 Kc6 52. Bc3 Kb5 53. Be1 Bc1 54. Ke2 Kc4 55. Kf3 Kd3 56. Bf2 Kc4 57. Bc5 a5 58. Be7 axb4 59. Bxf6 Kd4 0-1

[Event "Alta Autumn"]
[Site "Alta"]
[Date "2013.10.09"]
[Round "5"]
[White "Rist, Karl Johan"]
[Black "Luostarinen, Asmo"]
[Result "0-1"]
[WhiteElo "1326"]
[BlackElo "1184"]
[PlyCount "76"]
[EventDate "2013.09.04"]
[EventType "swiss"]
[EventRounds "10"]
[EventCountry "NOR"]
[SourceTitle "EXT 2024"]
[Source "ChessBase"]
[SourceDate "2023.10.10"]
[SourceVersion "1"]
[SourceVersionDate "2023.10.10"]
[SourceQuality "1"]

1. d4 Nf6 2. c4 g6 3. Nc3 d5 4. Nf3 Bg7 5. g3 a6 6. cxd5 Nxd5 7. Bg2 0-0 8. 0-0 c5 9. Nxd5 Qxd5 10. e4 Qxe4 11. Re1 Qd5 12. Rxe7 Nc6 13. Re1 cxd4 14. Ng5 Qc5 15. Bf4 Bf5 16. Rc1 Qb6 17. g4 Be6 18. b3 Rad8 19. Bg3 Bd5 20. Bxd5 Rxd5 21. Ne4 d3 22. Bf4 Bd4 23. Qf3 Rdd8 24. Bd2 Bg7 25. Nf6+ Bxf6 26. Qxf6 Qd4 27. Qg5 f6 28. Qh4 f5 29. h3 fxg4 30. Rc4 Qf6 31. Qg3 gxh3 32. Rf4 Qb2 33. Rxf8+ Rxf8 34. Qxd3 Qd4 35. Qxd4 Nxd4 36. Bc3 Nf3+ 37. Kf1 Nxe1 38. Kxe1 h2 0-1

[Event "Alta Autumn"]
[Site "Alta"]
[Date "2012.10.31"]
[Round "7"]
[White "Greibrokk, Ingrid Andrea"]
[Black "Rist, Karl Johan"]
[Result "1/2-1/2"]
[WhiteElo "1293"]
[BlackElo "1337"]
[PlyCount "82"]
[EventDate "2012.09.12"]
[EventType "swiss"]
[EventRounds "10"]
[EventCountry "NOR"]
[SourceTitle "EXT 2024"]
[Source "ChessBase"]
[SourceDate "2023.10.10"]
[SourceVersion "1"]
[SourceVersionDate "2023.10.10"]
[SourceQuality "1"]

1. d4 f5 2. c4 Nf6 3. Nc3 g6 4. Nf3 Bg7 5. g3 0-0 6. Bg2 c6 7. 0-0 d6 8. Re1 Re8 9. b3 Qc7 10. e4 fxe4 11. Nxe4 Nxe4 12. Rxe4 Bf5 13. Re1 Nd7 14. Nh4 Nf6 15. Nxf5 gxf5 16. Qd3 e6 17. Bb2 Qd7 18. Re2 Re7 19. Rae1 Rae8 20. Qd2 Qc7 21. Bh3 Ne4 22. Qc1 Qb6 23. f3 Bxd4+ 24. Bxd4 Qxd4+ 25. Kg2 Nf6 26. Bxf5 e5 27. Qg5+ Kf7 28. Qh6 Rh8 29. g4 Ree8 30. g5 Ng8 31. g6+ Kf6 32. Qh5 Ne7 33. Re4 Qd2+ 34. R1e2 Qg5+ 35. Qxg5+ Kxg5 36. g7 Rhg8 37. Bxh7 Rxg7 38. Rg4+ Kh6 39. Bc2 Reg8 40. h3 Rg5 41. Kg3 Nc8 1/2-1/2

[Event "Alta Autumn"]
[Site "Alta"]
[Date "2012.10.24"]
[Round "6"]
[White "Rist, Karl Johan"]
[Black "Mikalsen, Erlend"]
[Result "0-1"]
[WhiteElo "1337"]
[BlackElo "2041"]
[PlyCount "98"]
[EventDate "2012.09.12"]
[EventType "swiss"]
[EventRounds "10"]
[EventCountry "NOR"]
[SourceTitle "EXT 2024"]
[Source "ChessBase"]
[SourceDate "2023.10.10"]
[SourceVersion "1"]
[SourceVersionDate "2023.10.10"]
[SourceQuality "1"]

1. e4 Nf6 2. e5 Nd5 3. d4 d6 4. c4 Nb6 5. f4 dxe5 6. fxe5 Nc6 7. Be3 Bf5 8. Nf3 e6 9. a3 a5 10. Nc3 f6 11. Qb3 a4 12. Qd1 Na5 13. c5 Nbc4 14. Qxa4+ Qd7 15. Bxc4 Qxa4 16. Bb5+ Qxb5 17. Nxb5 Kd7 18. Rc1 Kc6 19. Nc3 Nb3 20. d5+ exd5 21. Nd4+ Nxd4 22. Bxd4 fxe5 23. Bf2 Be7 24. 0-0 Rhf8 25. Na2 Kd7 26. Nc3 d4 27. Nd5 Bg5 28. Ra1 Kc6 29. h4 Bd8 30. Nb4+ Kxc5 31. g4 Kd6 32. gxf5 c5 33. Nd3 c4 34. Nb4 Rxf5 35. Bg3 g6 36. Nc2 Bb6 37. Kg2 d3 38. Ne1 Bd4 39. Rb1 Kd5 40. Nf3 Bc5 41. Rfe1 e4 42. Nd2 e3 43. Nf3 Raf8 44. Ng1 Ke4 45. Nh3 d2 46. Re2 Kd3 47. Ng1 Kc2 48. Ra1 Kxb2 49. Rd1 c3 0-1

[Event "Alta op"]
[Site "Alta"]
[Date "2012.05.28"]
[Round "6"]
[White "Rist, Karl Johan"]
[Black "Tangen, Raymond"]
[Result "1-0"]
[WhiteElo "1318"]
[BlackElo "1408"]
[PlyCount "57"]
[EventDate "2012.05.25"]
[EventType "swiss"]
[EventRounds "6"]
[EventCountry "NOR"]
[SourceTitle "EXT 2024"]
[Source "ChessBase"]
[SourceDate "2023.10.10"]
[SourceVersion "1"]
[SourceVersionDate "2023.10.10"]
[SourceQuality "1"]

1. e4 e5 2. f4 exf4 3. Nf3 d5 4. exd5 Qxd5 5. Nc3 Qa5 6. d4 Bb4 7. Bd2 Bg4 8. Bc4 Nc6 9. Qe2+ Nge7 10. d5 Nd4 11. Qe4 Nxf3+ 12. gxf3 Bf5 13. Qxf4 Bxc2 14. d6 Nf5 15. dxc7 0-0 16. 0-0 Bd6 17. Qg4 Qxc7 18. Rac1 Bxh2+ 19. Kg2 Nd4 20. Be3 Rad8 21. Bd5 Bf5 22. Qh4 Nc2 23. Bf2 Bf4 24. Rcd1 Qe5 25. Rh1 Rd6 26. Bc5 Rg6+ 27. Kf1 Ne3+ 28. Bxe3 Qxe3 29. Qxh7# 1-0

[Event "Alta CC-ch"]
[Site "Alta"]
[Date "2012.02.29"]
[Round "6"]
[White "Arild, Steinar"]
[Black "Rist, Karl Johan"]
[Result "0-1"]
[WhiteElo "1205"]
[BlackElo "1324"]
[PlyCount "86"]
[EventDate "2012.01.18"]
[EventType "swiss"]
[EventRounds "10"]
[EventCountry "NOR"]
[SourceTitle "EXT 2024"]
[Source "ChessBase"]
[SourceDate "2023.10.10"]
[SourceVersion "1"]
[SourceVersionDate "2023.10.10"]
[SourceQuality "1"]

1. e4 e5 2. Nf3 Nc6 3. Bc4 Nf6 4. Nc3 Be7 5. d3 d6 6. h3 0-0 7. a3 a6 8. Be3 b5 9. Ba2 Bb7 10. Qe2 Qd7 11. Nd5 Nxd5 12. Bxd5 Rab8 13. Ba2 Bf6 14. c3 Ne7 15. g4 g6 16. g5 Bg7 17. 0-0-0 c5 18. h4 c4 19. h5 Rfd8 20. hxg6 hxg6 21. Nh4 Qc6 22. f3 d5 23. exd5 Rxd5 24. d4 Rbd8 25. Qf2 Qd6 26. Rd2 Qc7 27. Rhd1 a5 28. f4 exd4 29. Bxd4 Bxd4 30. Rxd4 Qb6 31. Qe2 Qc7 32. Qe3 Qc8 33. Rxd5 Nxd5 34. Qf2 Re8 35. Re1 Rxe1+ 36. Qxe1 Nxf4 37. Bb1 Qg4 38. Bc2 Qxg5 39. Kb1 Nd3 40. Qe8+ Kg7 41. Bxd3 cxd3 42. Qd7 Bd5 43. Nf3 Qh5 0-1

[Event "Alta Grand Prix"]
[Site "Alta"]
[Date "2011.11.13"]
[Round "5"]
[White "Mikalsen, Odd Erling"]
[Black "Rist, Karl Johan"]
[Result "1-0"]
[WhiteElo "1784"]
[BlackElo "1342"]
[PlyCount "79"]
[EventDate "2011.11.11"]
[EventType "swiss"]
[EventRounds "5"]
[EventCountry "NOR"]
[SourceTitle "EXT 2023"]
[Source "ChessBase"]
[SourceDate "2022.10.05"]
[SourceVersion "1"]
[SourceVersionDate "2022.10.05"]
[SourceQuality "1"]

1. e4 e6 2. d3 d5 3. Nd2 Nf6 4. Ngf3 Be7 5. g3 0-0 6. Bg2 Nc6 7. Qe2 Re8 8. Nb3 dxe4 9. dxe4 e5 10. Bd2 Bg4 11. 0-0-0 Qc8 12. h3 Be6 13. Bc3 Bxb3 14. cxb3 Bb4 15. Qc4 Bxc3 16. bxc3 Na5 17. Qe2 Qe6 18. g4 Qc6 19. Kb2 Qxe4 20. Rhe1 Qxe2+ 21. Rxe2 Nc6 22. Rde1 Nd5 23. Nxe5 Nf4 24. Bxc6 bxc6 25. Re4 Nxh3 26. f4 f6 27. Nxc6 Rxe4 28. Rxe4 Nf2 29. Re7 Nd3+ 30. Kc2 Nxf4 31. Rxc7 Nd5 32. Ne7+ Nxe7 33. Rxe7 a5 34. c4 Kf8 35. Rd7 Kg8 36. Kd3 g6 37. c5 h5 38. gxh5 gxh5 39. c6 Kf8 40. Rh7 1-0

[Event "Alta Grand Prix"]
[Site "Alta"]
[Date "2011.11.12"]
[Round "2"]
[White "Rist, Karl Johan"]
[Black "Machlik, Monika"]
[Result "0-1"]
[WhiteElo "1342"]
[BlackElo "1652"]
[PlyCount "66"]
[EventDate "2011.11.11"]
[EventType "swiss"]
[EventRounds "5"]
[EventCountry "NOR"]
[SourceTitle "EXT 2023"]
[Source "ChessBase"]
[SourceDate "2022.10.05"]
[SourceVersion "1"]
[SourceVersionDate "2022.10.05"]
[SourceQuality "1"]

1. d4 Nf6 2. c4 e6 3. Nc3 Bb4 4. Nf3 b6 5. Bg5 Bb7 6. e3 0-0 7. Bd3 h6 8. Bh4 d6 9. a3 Bxc3+ 10. bxc3 Nbd7 11. e4 e5 12. 0-0 g5 13. Bg3 Bxe4 14. dxe5 Bxf3 15. Qxf3 Nxe5 16. Bxe5 dxe5 17. Rfd1 Qe7 18. Qh3 Kg7 19. Qf5 Rae8 20. g3 Qe6 21. Qxe6 Rxe6 22. Bc2 Rc6 23. Bb3 Rd6 24. Kg2 Rfd8 25. Rxd6 Rxd6 26. a4 Rd3 27. Rc1 a5 28. f3 e4 29. Bd1 Rd2+ 30. Kg1 e3 31. h4 e2 32. Bb3 Rb2 33. hxg5 hxg5 0-1

[Event "Alta Grand Prix"]
[Site "Alta"]
[Date "2011.11.11"]
[Round "1"]
[White "Brasoy, Aksel"]
[Black "Rist, Karl Johan"]
[Result "1-0"]
[WhiteElo "1950"]
[BlackElo "1342"]
[PlyCount "64"]
[EventDate "2011.11.11"]
[EventType "swiss"]
[EventRounds "5"]
[EventCountry "NOR"]
[SourceTitle "EXT 2023"]
[Source "ChessBase"]
[SourceDate "2022.10.05"]
[SourceVersion "1"]
[SourceVersionDate "2022.10.05"]
[SourceQuality "1"]

1. d4 f5 2. g3 Nf6 3. Bg2 g6 4. c4 Bg7 5. Nf3 c6 6. 0-0 0-0 7. Nc3 Na6 8. b3 d6 9. Bb2 Nc7 10. Qc2 Be6 11. Ng5 Bd7 12. Rad1 h6 13. Nf3 g5 14. e4 Qc8 15. Rfe1 fxe4 16. Nxe4 Nxe4 17. Qxe4 Bg4 18. Re3 d5 19. Qxe7 Re8 20. Qd6 Rxe3 21. fxe3 Ne8 22. Qb4 Nf6 23. Rf1 Qc7 24. Ne5 Be6 25. Ba3 Re8 26. Qc3 Qc8 27. Qd3 Bh3 28. Qg6 Bxg2 29. Qf7+ Kh7 30. Kxg2 Qe6 31. Rxf6 Qxf7 32. Rxf7 Kg8 1-0

[Event "Alta CC-ch"]
[Site "Alta"]
[Date "2010.01.26"]
[Round "2"]
[White "Luostarinen, Asmo"]
[Black "Rist, Karl Johan"]
[Result "0-1"]
[WhiteElo "1072"]
[BlackElo "1310"]
[PlyCount "78"]
[EventDate "2010.01.19"]
[EventType "swiss"]
[EventRounds "10"]
[EventCountry "NOR"]
[SourceTitle "EXT 2024"]
[Source "ChessBase"]
[SourceDate "2023.10.10"]
[SourceVersion "1"]
[SourceVersionDate "2023.10.10"]
[SourceQuality "1"]

1. d4 f5 2. c4 Nf6 3. Nc3 g6 4. Bf4 c6 5. e3 Bg7 6. Bd3 0-0 7. Rc1 d6 8. Nge2 Nbd7 9. 0-0 e5 10. dxe5 dxe5 11. Bg3 Qe7 12. Bb1 Nc5 13. Qc2 Nh5 14. b4 Ne6 15. f4 Qxb4 16. fxe5 Qc5 17. Nd4 Nxd4 18. exd4 Qxd4+ 19. Bf2 Qxe5 20. Ne2 c5 21. Rcd1 Nf6 22. Bg3 Qe4 23. Nf4 Qe3+ 24. Kh1 Ne4 25. Qd3 Nxg3+ 26. hxg3 Qxd3 27. Rxd3 b6 28. Re1 Ba6 29. Rc1 Bb7 30. Rd7 Be4 31. Ne6 Rf7 32. Rxf7 Kxf7 33. Ng5+ Kf6 34. Nxe4+ fxe4 35. Bxe4 Re8 36. Bc6 Re3 37. Rf1+ Kg5 38. Rf7 Be5 39. Rxa7 Bxg3 0-1

[Event "Alta ASK CC-ch"]
[Site "Alta"]
[Date "2009.03.10"]
[Round "7"]
[White "Mikalsen, Erlend"]
[Black "Rist, Karl Johan"]
[Result "1-0"]
[WhiteElo "1499"]
[BlackElo "1283"]
[PlyCount "37"]
[EventDate "2009.01.20"]
[EventType "swiss"]
[EventRounds "10"]
[EventCountry "NOR"]
[SourceTitle "EXT 2011"]
[Source "ChessBase"]
[SourceDate "2010.11.26"]
[SourceVersion "1"]
[SourceVersionDate "2010.11.26"]
[SourceQuality "1"]

1. e4 e6 2. d4 d5 3. Nc3 Bb4 4. e5 c5 5. a3 cxd4 6. Qg4 Bxc3+ 7. bxc3 Ne7 8. cxd4 Nbc6 9. Bd3 Qb6 10. Ne2 h5 11. Qh4 Bd7 12. a4 Nb4 13. Ba3 Qa5 14. 0-0 Nbc6 15. Rfb1 b6 16. Bd6 Qd2 17. Nf4 Qc3 18. Nxh5 0-0-0 19. Ba6# 1-0